Development of farms according to the LFA classification

Salvato in:
Dettagli Bibliografici
Autore principale: Lososová, Jana
Altri autori: Zdeněk, Radek
Natura: Capitolo di libro
Lingua:inglese
Soggetti:
Tags: Aggiungi Tag
Nessun Tag, puoi essere il primo ad aggiungerne!!

MARC

LEADER 00000naa a2200000 4500
001 0181980
005 20231211071114.8
041 0 |a eng 
044 |a SK 
245 1 0 |a Development of farms according to the LFA classification  |c Jana Lososová, Radek Zdeněk 
610 2 0 |a farmy 
610 2 0 |a produkcia 
610 2 0 |a disparita 
610 2 0 |a Česko 
610 2 0 |a produktivita práce 
610 2 0 |a zisk 
610 2 0 |a dotácie 
100 1 |a Lososová, Jana 
700 1 |a Zdeněk, Radek